| 000 | 00439nam a2200181Ia 4500 | ||
|---|---|---|---|
| 005 | 20240823054810.0 | ||
| 008 | 240823s9999||||xx |||||||||||||| ||und|| | ||
| 041 | _aENGLISH | ||
| 082 | _A621.4021 Q2 | ||
| 100 | _aVijayaraghavan G K | ||
| 245 | 0 | _aEngineering ThermoDynamics | |
| 250 | _a8th | ||
| 260 |
_c2012 _bLakshmi Publica |
||
| 500 | _aISSUED | ||
| 650 |
_aMechanical _bMechanical |
||
| 700 | _aSundaravalli S | ||
| 942 | _cBK | ||
| 999 |
_c227303 _d227303 |
||